Prácticas de geología / (Record no. 177796)

MARC details
000 -LEADER
campo de control de longitud fija 00771namaa22002171 4500
001 - NÚMERO DE CONTROL
campo de control 177796
003 - IDENTIFICADOR DE NÚMERO DE CONTROL
campo de control ES-MaACL
005 - FECHA Y HORA DE LA ÚLTIMA TRANSACCIÓN
campo de control 20250815110844.0
008 - DATOS DE LONGITUD FIJA--INFORMACIÓN GENERAL
campo de control de longitud fija 110427s1958 sp |||| | spa d
080 ## - NÚMERO DE LA CLASIFICACIÓN DECIMAL UNIVERSAL
Número de la Clasificación Decimal Universal 55(076)
100 1# - ENTRADA PRINCIPAL--NOMBRE DE PERSONA
Nombre de persona Llopis Lladó, Noel.
9 (RLIN) 72839
245 10 - MENCIÓN DEL TÍTULO
Título Prácticas de geología /
Mención de responsabilidad, etc. por N. Llopis Lladó y J.A. Martínez Alvarez.
260 ## - PUBLICACIÓN, DISTRIBUCIÓN, ETC.
Lugar de publicación, distribución, etc. Oviedo :
Nombre del editor, distribuidor, etc. Instituto de Geología Aplicada,
Fecha de publicación, distribución, etc. 1958.
300 ## - DESCRIPCIÓN FÍSICA
Extensión 116 p., 1 h. :
Otras características físicas il. ;
Dimensiones 24 cm.
500 ## - NOTA GENERAL
Nota general Map. y gráf. intercal.
500 ## - NOTA GENERAL
Nota general Cuaderno de Prácticas de Geología, adaptado al temario oficial del Curso selectivo de Ciencias.
650 07 - PUNTO DE ACCESO ADICIONAL DE MATERIA--TÉRMINO DE MATERIA
Término de materia o nombre geográfico como elemento de entrada Geología
Fuente del encabezamiento o término embne
9 (RLIN) 13086
700 1# - ENTRADA AGREGADA--NOMBRE PERSONAL
Nombre de persona Martínez Alvarez, J. A.
9 (RLIN) 77849
852 ## - LOCALIZACIÓN
Ubicación ES-MaACL
Número de control de estantería C-17936
Holdings
Estatus retirado Estado de pérdida Estado de daño No para préstamo Biblioteca de origen Biblioteca actual Ubicación en estantería Fecha de adquisición Total de préstamos Signatura topográfica completa Código de barras Visto por última vez Precio de reemplazo Tipo de ítem Koha
        Biblioteca del Ateneo de Madrid Biblioteca del Ateneo de Madrid Galería 27/04/2011   C-17936 1186780 23/02/2023 23/02/2023 Libro impreso